000
00324nam a2200133Ia 4500
100
_a
Geary/A & Lowry/ H.V/ Hayden/H.A
942
_c
BK
654
_a
Maths
245
_a
Mathematics For Technical Students Part II
260
_b
English language book society
_c
2001
082
_a
510
_b
GEA
546
_a
ENGLISH
999
_c
28968
_d
28968